The Golden Goblet / (Record no. 4742)

MARC details
000 -LEADER
fixed length control field 00815nam a22002657a 4500
001 - CONTROL NUMBER
control field 4742
003 - CONTROL NUMBER IDENTIFIER
control field FISKH
005 - DATE AND TIME OF LATEST TRANSACTION
control field 20240927092321.0
008 - FIXED-LENGTH DATA ELEMENTS--GENERAL INFORMATION
fixed length control field 240927b cb ||||| |||| 00| 0 eng d
040 ## - CATALOGING SOURCE
Original cataloging agency FISKH
Language of cataloging eng
Transcribing agency FISKH
Modifying agency FISKH
050 ## - LIBRARY OF CONGRESS CALL NUMBER
Classification number PZ7.M1696
082 ## - DEWEY DECIMAL CLASSIFICATION NUMBER
Classification number 623.91
100 ## - MAIN ENTRY--PERSONAL NAME
Personal name McGraw, Eloise Jarvis
Relator term author
245 ## - TITLE STATEMENT
Title The Golden Goblet /
Statement of responsibility, etc. by Eloise Jarvis McGraw
250 ## - EDITION STATEMENT
Edition statement First Scholastic printing , January 1992
260 ## - PUBLICATION, DISTRIBUTION, ETC.
Place of publication, distribution, etc. New York :
Name of publisher, distributor, etc. Scholastic ;
Date of publication, distribution, etc. 1961 .
300 ## - PHYSICAL DESCRIPTION
Extent 248 pages :
Other physical details illustrations ;
Dimensions 20 cm .
505 ## - FORMATTED CONTENTS NOTE
Formatted contents note Z <br/>
520 ## - SUMMARY, ETC.
Summary, etc. A young Egyptian boy struggles to reveal a hideous crime and reshape his own destiny.
521 8# - TARGET AUDIENCE NOTE
Target audience note 930 <br/>
Source Lexile <br/>
521 8# - TARGET AUDIENCE NOTE
Target audience note Z <br/>
Source Raz-Plus <br/>
650 ## - SUBJECT ADDED ENTRY--TOPICAL TERM
Topical term or geographic name entry element ancient history
Form subdivision fiction
942 ## - ADDED ENTRY ELEMENTS (KOHA)
Source of classification or shelving scheme Dewey Decimal Classification
Koha item type Books
Suppress in OPAC No
Holdings
Withdrawn status Lost status Source of classification or shelving scheme Damaged status Not for loan Collection Home library Current library Shelving location Date acquired Total Checkouts Full call number Barcode Date last seen Price effective from Koha item type
    Dewey Decimal Classification     Fiction Footprints International School Library Network Toul Kork Campus Footprints International School Library Network Toul Kork Campus TTP Secondary Fiction Bookshelves 09/27/2024   MCG 623.91 PZ7.M1696 FIS01263 09/27/2024 09/27/2024 Books